[Event "7th Arber Senior Cup"]
[Site "chess24.com"]
[Date "2019.07.30"]
[Round "4"]
[White "Pribyl, Josef"]
[Black "Riedl, Maximilian"]
[Result "1-0"]
[Board "4"]
[WhiteElo "2234"]
[WhiteTitle "IM"]
[WhiteCountry "CZE"]
[WhiteFideId "300187"]
[WhiteEloChange "3"]
[BlackElo "1905"]
[BlackCountry "GER"]
[BlackFideId "4663063"]
[BlackEloChange "-3"]

1. d4 {[%clk 2:11:00]} d5 {[%clk 2:10:57]} 2. Nf3 {[%clk 2:11:17]} c6 {[%clk
2:11:20]} 3. g3 {[%clk 2:11:39]} e6 {[%clk 2:11:40]} 4. Bg2 {[%clk 2:11:39]} Nd7
{[%clk 2:11:51]} 5. O-O {[%clk 2:12:02]} Bd6 {[%clk 2:11:43]} 6. Nbd2 {[%clk
2:11:49]} f5 {[%clk 2:11:32]} 7. c4 {[%clk 2:12:15]} Ne7 {[%clk 2:08:33]} 8. b3
{[%clk 2:11:47]} O-O {[%clk 2:08:47]} 9. Bb2 {[%clk 2:12:13]} Qe8 {[%clk
2:08:36]} 10. Ne5 {[%clk 2:12:19]} Ng6 {[%clk 2:07:01]} 11. f4 {[%clk 2:12:12]}
Nf6 {[%clk 2:06:45]} 12. e3 {[%clk 2:12:25]} Ne4 {[%clk 2:06:02]} 13. Nxe4 {[%clk
2:12:45]} fxe4 {[%clk 2:05:59]} 14. Qg4 {[%clk 2:10:42]} Bb4 {[%clk 2:00:30]} 15.
a3 {[%clk 2:07:26]} Ba5 {[%clk 1:59:52]} 16. h4 {[%clk 2:06:34]} Ne7 {[%clk
1:59:56]} 17. Kh2 {[%clk 2:02:34]} Nf5 {[%clk 1:59:42]} 18. Qe2 {[%clk 2:02:13]}
Bd8 {[%clk 1:56:36]} 19. Bh3 {[%clk 1:58:20]} Rf6 {[%clk 1:53:47]} 20. Rg1 {[%clk
1:56:07]} Rh6 {[%clk 1:48:14]} 21. Bc3 {[%clk 1:55:05]} a5 {[%clk 1:39:36]} 22.
Be1 {[%clk 1:54:34]} dxc4 {[%clk 1:33:06]} 23. bxc4 {[%clk 1:54:27]} Bc7 {[%clk
1:28:38]} 24. c5 {[%clk 1:46:55]} b5 {[%clk 1:23:58]} 25. Bg2 {[%clk 1:45:21]}
Bxe5 {[%clk 1:18:12]} 26. dxe5 {[%clk 1:45:19]} b4 {[%clk 1:12:45]} 27. Bxe4
{[%clk 1:44:21]} Ba6 {[%clk 1:12:50]} 28. Qf3 {[%clk 1:44:11]} Ne7 {[%clk
1:13:02]} 29. axb4 {[%clk 1:43:07]} axb4 {[%clk 1:11:48]} 30. Bxb4 {[%clk
1:42:17]} Nd5 {[%clk 1:10:46]} 31. Be1 {[%clk 1:37:07]} Bc4 {[%clk 1:10:02]} 32.
Rxa8 {[%clk 1:31:48]} Qxa8 {[%clk 1:10:28]} 33. Bf2 {[%clk 1:28:24]} Qa3 {[%clk
1:08:22]} 34. Bb1 {[%clk 1:12:19]} Ne7 {[%clk 1:05:26]} 35. Qd1 {[%clk 1:09:40]}
Qxc5 {[%clk 0:56:01]} 36. Qd2 {[%clk 1:03:31]} Kf7 {[%clk 0:49:54]} 37. e4 {[%clk
1:03:14]} Qa3 {[%clk 0:49:51]} 38. Rc1 {[%clk 1:02:27]} Qb3 {[%clk 0:39:30]} 39.
Qc3 {[%clk 0:57:16]} Qxc3 {[%clk 0:39:30]} 40. Rxc3 {[%clk 0:57:16]} Bb5 {[%clk
0:38:13]} 41. Ra3 {[%clk 0:57:26]} g5 {[%clk 0:35:54]} 42. fxg5 {[%clk 0:55:00]}
Rg6 {[%clk 0:36:02]} 43. Ra7 {[%clk 0:55:09]} Rg8 {[%clk 0:34:56]} 44. Bc5 {[%clk
0:55:36]} Re8 {[%clk 0:35:23]} 45. g4 {[%clk 0:53:55]} Bc4 {[%clk 0:34:47]} 46.
Kg3 {[%clk 0:53:45]} Rb8 {[%clk 0:34:52]} 47. Rxe7+ {[%clk 0:53:15]} Kg6 {[%clk
0:35:11]} 48. Be3 {[%clk 0:52:55]} h5 {[%clk 0:34:47]} 49. gxh6 {[%clk 0:53:02]}
1-0

[Event "7th Arber Senior Cup"]
[Site "chess24.com"]
[Date "2019.07.30"]
[Round "4"]
[White "Korte, Markus"]
[Black "Klimpel, Siegfried"]
[Result "1-0"]
[Board "15"]
[WhiteElo "2028"]
[WhiteCountry "GER"]
[WhiteFideId "4615620"]
[WhiteEloChange "5"]
[BlackElo "1843"]
[BlackCountry "GER"]
[BlackFideId "1270271"]
[BlackEloChange "-5"]

1. e4 {[%clk 2:10:30]} c5 {[%clk 2:10:30]} 2. c3 {[%clk 2:10:30]} Nf6 {[%clk
2:10:30]} 3. e5 {[%clk 2:10:30]} Nd5 {[%clk 2:10:30]} 4. Nf3 {[%clk 2:10:13]} Nc6
{[%clk 2:10:30]} 5. d4 {[%clk 2:09:59]} e6 {[%clk 2:10:18]} 6. Bc4 {[%clk
2:04:40]} Nb6 {[%clk 2:09:02]} 7. Bd3 {[%clk 2:02:15]} d5 {[%clk 2:07:35]} 8.
exd6 {[%clk 1:52:03]} Bxd6 {[%clk 2:07:35]} 9. O-O {[%clk 1:51:24]} Qc7 {[%clk
1:53:20]} 10. dxc5 {[%clk 1:43:02]} Bxc5 {[%clk 1:53:20]} 11. Nbd2 {[%clk
1:43:02]} Bd7 {[%clk 1:50:54]} 12. Ne4 {[%clk 1:42:17]} Be7 {[%clk 1:50:54]} 13.
Re1 {[%clk 1:40:07]} O-O-O {[%clk 1:44:24]} 14. Qe2 {[%clk 1:31:53]} f6 {[%clk
1:37:12]} 15. a4 {[%clk 1:25:48]} g5 {[%clk 1:32:38]} 16. b4 {[%clk 1:24:23]} Ne5
{[%clk 1:31:55]} 17. Nxe5 {[%clk 1:20:24]} Qxe5 {[%clk 1:31:32]} 18. Be3 {[%clk
1:18:13]} Kb8 {[%clk 1:20:54]} 19. Bd4 {[%clk 1:15:37]} Qf4 {[%clk 0:50:00]} 20.
g3 {[%clk 1:06:52]} 1-0

[Event "7th Arber Senior Cup"]
[Site "chess24.com"]
[Date "2019.07.30"]
[Round "4"]
[White "Moser, Andreas"]
[Black "Steinbach, Peter"]
[Result "0-1"]
[Board "17"]
[WhiteElo "1693"]
[WhiteCountry "GER"]
[WhiteFideId "24627178"]
[WhiteEloChange "-4"]
[BlackElo "1958"]
[BlackCountry "GER"]
[BlackFideId "4661370"]
[BlackEloChange "4"]

1. e4 {[%clk 2:10:54]} d5 {[%clk 2:10:39]} 2. exd5 {[%clk 2:11:04]} Nf6 {[%clk
2:10:52]} 3. d4 {[%clk 2:10:56]} Bg4 {[%clk 2:11:11]} 4. Nf3 {[%clk 2:10:44]}
Qxd5 {[%clk 2:11:33]} 5. Be2 {[%clk 2:10:45]} Nc6 {[%clk 2:11:02]} 6. Nc3 {[%clk
2:07:17]} Qh5 {[%clk 2:01:32]} 7. Bb5 {[%clk 1:57:51]} e6 {[%clk 1:52:01]} 8. h3
{[%clk 1:51:54]} Bd6 {[%clk 1:47:45]} 9. Be3 {[%clk 1:50:28]} O-O {[%clk
1:46:38]} 10. Qe2 {[%clk 1:42:37]} Nb4 {[%clk 1:21:59]} 11. O-O-O {[%clk
1:39:24]} Bxf3 {[%clk 1:22:14]} 12. gxf3 {[%clk 1:38:22]} a6 {[%clk 1:22:37]} 13.
Bd3 {[%clk 1:37:48]} Qa5 {[%clk 1:13:30]} 14. Bc4 {[%clk 1:29:25]} b5 {[%clk
1:05:15]} 15. Bb3 {[%clk 1:29:19]} c6 {[%clk 0:49:17]} 16. Rhg1 {[%clk 1:21:36]}
Qc7 {[%clk 0:46:36]} 17. Ne4 {[%clk 1:18:54]} Be7 {[%clk 0:39:12]} 18. Nxf6+
{[%clk 1:12:28]} Bxf6 {[%clk 0:39:16]} 19. Bg5 {[%clk 1:07:10]} Nd5 {[%clk
0:34:00]} 20. Bxf6 {[%clk 1:05:16]} Qf4+ {[%clk 0:33:42]} 21. Kb1 {[%clk
1:03:50]} Nxf6 {[%clk 0:31:31]} 22. Qe3 {[%clk 1:02:52]} Qf5 {[%clk 0:29:16]} 23.
Qg5 {[%clk 0:58:06]} Qxg5 {[%clk 0:28:48]} 24. Rxg5 {[%clk 0:58:20]} Rfd8 {[%clk
0:26:32]} 25. c3 {[%clk 0:57:35]} g6 {[%clk 0:26:10]} 26. Rdg1 {[%clk 0:55:49]}
Kf8 {[%clk 0:26:13]} 27. Re5 {[%clk 0:53:29]} Ke7 {[%clk 0:25:20]} 28. a3 {[%clk
0:52:31]} Rac8 {[%clk 0:23:28]} 29. Rgg5 {[%clk 0:48:22]} Nd7 {[%clk 0:22:11]}
30. Re1 {[%clk 0:48:24]} Kf6 {[%clk 0:22:29]} 31. Rgg1 {[%clk 0:48:34]} c5 {[%clk
0:22:48]} 32. dxc5 {[%clk 0:44:55]} Nxc5 {[%clk 0:22:07]} 33. Bc2 {[%clk
0:43:52]} Rd2 {[%clk 0:22:19]} 34. Rgf1 {[%clk 0:38:15]} Rcd8 {[%clk 0:18:40]}
35. Kc1 {[%clk 0:35:31]} R8d5 {[%clk 0:13:28]} 36. Rd1 {[%clk 0:35:12]} Rxd1+
{[%clk 0:11:46]} 37. Bxd1 {[%clk 0:34:20]} Nd3+ {[%clk 0:11:08]} 38. Kc2 {[%clk
0:33:54]} Nf4 {[%clk 0:11:34]} 39. Rh1 {[%clk 0:29:04]} Rh5 {[%clk 0:10:16]} 40.
b3 {[%clk 0:28:12]} Rxh3 {[%clk 0:10:24]} 41. Rf1 {[%clk 0:27:45]} Rh2 {[%clk
0:10:08]} 42. Kd2 {[%clk 0:25:36]} h5 {[%clk 0:08:20]} 43. c4 {[%clk 0:25:03]}
bxc4 {[%clk 0:08:31]} 44. bxc4 {[%clk 0:25:27]} h4 {[%clk 0:08:56]} 45. Ke3
{[%clk 0:24:59]} Ke5 {[%clk 0:09:03]} 46. Ba4 {[%clk 0:24:29]} f6 {[%clk
0:06:51]} 47. Bc2 {[%clk 0:22:36]} f5 {[%clk 0:05:55]} 48. a4 {[%clk 0:22:38]}
Nh5 {[%clk 0:03:49]} 49. Kd3 {[%clk 0:22:05]} Nf4+ {[%clk 0:02:49]} 50. Ke3
{[%clk 0:22:21]} g5 {[%clk 0:03:14]} 51. Bb3 {[%clk 0:20:29]} g4 {[%clk 0:03:18]}
52. Bd1 {[%clk 0:20:41]} g3 {[%clk 0:02:58]} 53. fxg3 {[%clk 0:20:04]} hxg3
{[%clk 0:03:21]} 54. c5 {[%clk 0:16:37]} g2 {[%clk 0:02:41]} 55. Rg1 {[%clk
0:16:09]} Rh1 {[%clk 0:02:32]} 56. Kf2 {[%clk 0:14:27]} Nh3+ {[%clk 0:02:57]} 57.
Kxg2 {[%clk 0:14:28]} Rxg1+ {[%clk 0:03:21]} 58. Kxh3 {[%clk 0:14:33]} Rxd1
{[%clk 0:03:41]} 0-1

[Event "7th Arber Senior Cup"]
[Site "chess24.com"]
[Date "2019.07.30"]
[Round "4"]
[White "Supplieth, Peter"]
[Black "Loibl, Johann"]
[Result "1-0"]
[Board "22"]
[WhiteElo "1880"]
[WhiteCountry "GER"]
[WhiteFideId "4652096"]
[WhiteEloChange "7"]
[BlackElo "1760"]
[BlackCountry "AUT"]
[BlackFideId "1637053"]
[BlackEloChange "-7"]

1. c4 {[%clk 2:10:55]} e5 {[%clk 2:10:52]} 2. g3 {[%clk 2:11:20]} f5 {[%clk
2:10:43]} 3. Bg2 {[%clk 2:11:27]} Nf6 {[%clk 2:10:51]} 4. Nc3 {[%clk 2:11:49]}
Bc5 {[%clk 2:08:43]} 5. e3 {[%clk 2:08:25]} O-O {[%clk 2:03:12]} 6. Nge2 {[%clk
2:08:38]} Nc6 {[%clk 1:59:04]} 7. d4 {[%clk 2:07:15]} exd4 {[%clk 1:55:22]} 8.
exd4 {[%clk 2:07:37]} Bb4 {[%clk 1:51:46]} 9. O-O {[%clk 2:07:29]} Bxc3 {[%clk
1:48:13]} 10. Nxc3 {[%clk 2:06:23]} d6 {[%clk 1:45:10]} 11. Bf4 {[%clk 2:00:55]}
Ne7 {[%clk 1:38:02]} 12. Qb3 {[%clk 1:57:14]} c6 {[%clk 1:36:41]} 13. Rfe1 {[%clk
1:53:37]} d5 {[%clk 1:32:33]} 14. cxd5 {[%clk 1:53:15]} Nexd5 {[%clk 1:30:56]}
15. Re5 {[%clk 1:48:25]} Kh8 {[%clk 1:23:13]} 16. Nxd5 {[%clk 1:47:54]} cxd5
{[%clk 1:21:16]} 17. Bg5 {[%clk 1:43:32]} b6 {[%clk 1:10:40]} 18. Bxd5 {[%clk
1:38:27]} Rb8 {[%clk 1:10:35]} 19. Rae1 {[%clk 1:37:52]} Bb7 {[%clk 1:09:46]} 20.
Bxf6 {[%clk 1:37:19]} Qxf6 {[%clk 1:06:31]} 21. Qf3 {[%clk 1:35:54]} Bxd5 {[%clk
1:05:00]} 22. Rxd5 {[%clk 1:31:14]} Rbd8 {[%clk 1:00:20]} 23. Ree5 {[%clk
1:29:45]} g6 {[%clk 0:59:42]} 24. Qe3 {[%clk 1:28:04]} Qc6 {[%clk 0:55:44]} 25.
Rxd8 {[%clk 1:26:46]} Rxd8 {[%clk 0:55:54]} 26. Qc3 {[%clk 1:22:06]} Qxc3 {[%clk
0:51:41]} 27. bxc3 {[%clk 1:22:30]} Rd7 {[%clk 0:51:13]} 28. Kf1 {[%clk 1:20:47]}
Kg7 {[%clk 0:49:46]} 29. Ke2 {[%clk 1:21:07]} Kf6 {[%clk 0:48:13]} 30. f4 {[%clk
1:21:30]} a6 {[%clk 0:43:57]} 31. Kd3 {[%clk 1:19:46]} b5 {[%clk 0:42:52]} 32. h4
{[%clk 1:19:51]} Rb7 {[%clk 0:41:23]} 33. Rc5 {[%clk 1:19:45]} Rb6 {[%clk
0:37:37]} 34. a3 {[%clk 1:19:15]} Re6 {[%clk 0:34:06]} 35. Re5 {[%clk 1:17:37]}
Rc6 {[%clk 0:33:15]} 36. d5 {[%clk 1:17:25]} Rc4 {[%clk 0:30:45]} 37. Re6+ {[%clk
1:17:36]} Kf7 {[%clk 0:30:57]} 38. Rxa6 {[%clk 1:17:55]} Rc5 {[%clk 0:28:22]} 39.
Rd6 {[%clk 1:15:37]} Ke7 {[%clk 0:27:54]} 40. Re6+ {[%clk 1:15:34]} Kd7 {[%clk
0:27:52]} 41. Re5 {[%clk 1:15:49]} Kd6 {[%clk 0:25:29]} 42. Re6+ {[%clk 1:08:30]}
Kd7 {[%clk 0:25:03]} 43. Ra6 {[%clk 1:06:07]} Rxd5+ {[%clk 0:24:53]} 44. Ke3
{[%clk 1:05:54]} Rc5 {[%clk 0:21:58]} 45. Kd4 {[%clk 1:05:32]} Rc4+ {[%clk
0:20:56]} 46. Kd3 {[%clk 1:05:54]} Rc7 {[%clk 0:11:42]} 47. Rb6 {[%clk 1:06:07]}
Ra7 {[%clk 0:11:46]} 48. Rxb5 {[%clk 1:06:31]} Rxa3 {[%clk 0:12:08]} 49. Rb7+
{[%clk 1:06:52]} Ke6 {[%clk 0:12:25]} 50. Rxh7 {[%clk 1:06:53]} Ra1 {[%clk
0:12:31]} 51. Rh6 {[%clk 1:05:42]} Kf7 {[%clk 0:12:18]} 52. h5 {[%clk 1:05:49]}
gxh5 {[%clk 0:10:46]} 53. Rxh5 {[%clk 1:06:13]} Kf6 {[%clk 0:10:55]} 54. Kd4
{[%clk 1:05:09]} Rd1+ {[%clk 0:10:30]} 55. Kc4 {[%clk 1:05:12]} Re1 {[%clk
0:09:43]} 56. Rg5 {[%clk 1:04:33]} Rc1 {[%clk 0:07:52]} 57. Kd4 {[%clk 1:04:46]}
Rd1+ {[%clk 0:08:15]} 58. Kc5 {[%clk 1:05:05]} Rd8 {[%clk 0:08:14]} 59. c4 {[%clk
1:05:27]} Rc8+ {[%clk 0:08:06]} 60. Kd4 {[%clk 1:05:13]} Rd8+ {[%clk 0:08:04]}
61. Kc3 {[%clk 1:05:34]} Rc8 {[%clk 0:08:09]} 62. g4 {[%clk 1:03:38]} fxg4 {[%clk
0:08:06]} 63. c5 {[%clk 1:03:37]} g3 {[%clk 0:07:36]} 64. Kc4 {[%clk 1:03:59]}
Re8 {[%clk 0:06:23]} 65. c6 {[%clk 1:00:51]} Re4+ {[%clk 0:05:15]} 66. Kd5 {[%clk
1:00:47]} Rxf4 {[%clk 0:05:04]} 67. Rxg3 {[%clk 1:00:23]} Rf1 {[%clk 0:05:04]}
68. Re3 {[%clk 0:54:02]} Rd1+ {[%clk 0:03:39]} 69. Kc5 {[%clk 0:54:03]} Rc1+
{[%clk 0:03:23]} 70. Kd6 {[%clk 0:54:25]} Rd1+ {[%clk 0:03:44]} 71. Kc7 {[%clk
0:54:46]} Rc1 {[%clk 0:03:40]} 72. Kd7 {[%clk 0:52:42]} Rd1+ {[%clk 0:03:55]} 73.
Kc8 {[%clk 0:53:05]} Rc1 {[%clk 0:01:59]} 74. c7 {[%clk 0:53:27]} Rc2 {[%clk
0:02:16]} 75. Rb3 {[%clk 0:52:41]} Ke7 {[%clk 0:01:36]} 76. Kb7 {[%clk 0:52:52]}
Kd7 {[%clk 0:01:22]} 77. Rd3+ {[%clk 0:52:57]} 1-0

[Event "7th Arber Senior Cup"]
[Site "chess24.com"]
[Date "2019.07.30"]
[Round "4"]
[White "Busch, Joerg"]
[Black "Auterhoff, Juergen, Dr."]
[Result "1-0"]
[Board "24"]
[WhiteElo "1851"]
[WhiteCountry "GER"]
[WhiteFideId "4640241"]
[WhiteEloChange "5"]
[BlackElo "1673"]
[BlackCountry "GER"]
[BlackFideId "4609760"]
[BlackEloChange "-5"]

1. d4 {[%clk 2:10:58]} Nf6 {[%clk 2:10:52]} 2. Bf4 {[%clk 2:11:22]} d5 {[%clk
2:11:02]} 3. e3 {[%clk 2:11:22]} Bf5 {[%clk 2:11:05]} 4. Bd3 {[%clk 2:12:06]}
Bxd3 {[%clk 2:11:15]} 5. Qxd3 {[%clk 2:12:30]} c6 {[%clk 2:08:22]} 6. Qb3 {[%clk
2:10:32]} Qb6 {[%clk 2:02:12]} 7. Qxb6 {[%clk 2:10:42]} axb6 {[%clk 2:02:40]} 8.
Nd2 {[%clk 2:10:56]} e6 {[%clk 2:01:32]} 9. Ngf3 {[%clk 2:09:40]} Nbd7 {[%clk
2:01:09]} 10. O-O {[%clk 2:08:29]} Be7 {[%clk 1:59:08]} 11. h3 {[%clk 2:08:47]}
O-O {[%clk 1:58:54]} 12. a3 {[%clk 2:08:32]} b5 {[%clk 1:54:23]} 13. c3 {[%clk
2:06:42]} Nb6 {[%clk 1:53:05]} 14. Rfe1 {[%clk 2:01:34]} Nc4 {[%clk 1:48:56]} 15.
Rab1 {[%clk 2:01:31]} Nxd2 {[%clk 1:40:22]} 16. Nxd2 {[%clk 2:01:55]} h6 {[%clk
1:34:16]} 17. Re2 {[%clk 1:57:10]} Rfd8 {[%clk 1:31:28]} 18. f3 {[%clk 1:55:45]}
Bd6 {[%clk 1:28:32]} 19. Bxd6 {[%clk 1:55:45]} Rxd6 {[%clk 1:29:00]} 20. e4
{[%clk 1:55:44]} dxe4 {[%clk 1:29:05]} 21. fxe4 {[%clk 1:56:00]} Rd7 {[%clk
1:25:11]} 22. Rf1 {[%clk 1:50:23]} Rad8 {[%clk 1:20:53]} 23. Nf3 {[%clk 1:47:19]}
Re7 {[%clk 1:18:58]} 24. g4 {[%clk 1:45:55]} Nh7 {[%clk 1:12:14]} 25. Kg2 {[%clk
1:39:35]} f6 {[%clk 1:03:52]} 26. e5 {[%clk 1:30:36]} Rf7 {[%clk 0:58:53]} 27.
exf6 {[%clk 1:28:07]} Rxf6 {[%clk 0:59:08]} 28. Nd2 {[%clk 1:27:28]} Rxf1 {[%clk
0:58:14]} 29. Nxf1 {[%clk 1:26:52]} Kf7 {[%clk 0:56:43]} 30. Nd2 {[%clk 1:22:21]}
Nf6 {[%clk 0:55:12]} 31. Nf3 {[%clk 1:19:49]} Nd5 {[%clk 0:53:49]} 32. Ne5+
{[%clk 1:18:07]} Ke7 {[%clk 0:53:41]} 33. Rf2 {[%clk 1:17:43]} Nf6 {[%clk
0:51:25]} 34. Nd3 {[%clk 1:15:40]} b6 {[%clk 0:46:56]} 35. Ne5 {[%clk 1:10:58]}
Rd6 {[%clk 0:46:51]} 36. Re2 {[%clk 1:00:28]} Nd5 {[%clk 0:45:26]} 37. Kg3 {[%clk
0:58:12]} g5 {[%clk 0:43:01]} 38. Nd3 {[%clk 0:55:16]} Rd8 {[%clk 0:40:14]} 39.
h4 {[%clk 0:50:41]} Rd6 {[%clk 0:39:10]} 40. hxg5 {[%clk 0:50:12]} hxg5 {[%clk
0:39:36]} 41. Rh2 {[%clk 0:49:43]} Nf6 {[%clk 0:38:58]} 42. Ne5 {[%clk 0:47:50]}
c5 {[%clk 0:37:35]} 43. Nf3 {[%clk 0:47:06]} Ne4+ {[%clk 0:36:56]} 44. Kh3 {[%clk
0:45:43]} Kf6 {[%clk 0:36:33]} 45. Re2 {[%clk 0:45:31]} cxd4 {[%clk 0:34:40]} 46.
cxd4 {[%clk 0:42:54]} Nc5 {[%clk 0:33:44]} 47. dxc5 {[%clk 0:42:46]} bxc5 {[%clk
0:34:12]} 48. Rd2 {[%clk 0:41:56]} Rxd2 {[%clk 0:34:26]} 49. Nxd2 {[%clk
0:42:25]} Ke5 {[%clk 0:34:07]} 50. Kg3 {[%clk 0:41:32]} Kd4 {[%clk 0:29:48]} 51.
Nf3+ {[%clk 0:41:28]} Kd3 {[%clk 0:30:01]} 52. Nxg5 {[%clk 0:41:29]} Kc2 {[%clk
0:30:18]} 53. Nxe6 {[%clk 0:41:38]} c4 {[%clk 0:30:25]} 54. Nd4+ {[%clk 0:40:30]}
Kxb2 {[%clk 0:30:43]} 55. Nxb5 {[%clk 0:40:48]} Kb3 {[%clk 0:30:34]} 56. g5
{[%clk 0:41:13]} Ka4 {[%clk 0:30:41]} 57. g6 {[%clk 0:41:35]} Kxb5 {[%clk
0:30:50]} 58. g7 {[%clk 0:41:57]} c3 {[%clk 0:30:57]} 59. g8Q {[%clk 0:42:19]}
Kc5 {[%clk 0:30:48]} 60. Qg5+ {[%clk 0:41:36]} Kd4 {[%clk 0:31:07]} 61. Qc1
{[%clk 0:41:36]} 1-0

[Event "7th Arber Senior Cup"]
[Site "chess24.com"]
[Date "2019.07.30"]
[Round "4"]
[White "Riha, Peter"]
[Black "Oberhofer, Max"]
[Result "0-1"]
[Board "26"]
[WhiteElo "1720"]
[WhiteCountry "GER"]
[WhiteFideId "24627399"]
[WhiteEloChange "-2"]
[BlackElo "2187"]
[BlackCountry "GER"]
[BlackFideId "4622227"]
[BlackEloChange "2"]

1. d4 {[%clk 2:10:56]} Nf6 {[%clk 2:10:56]} 2. c4 {[%clk 2:11:18]} e6 {[%clk
2:11:20]} 3. Nf3 {[%clk 2:11:38]} b6 {[%clk 2:11:09]} 4. g3 {[%clk 2:11:45]} Bb7
{[%clk 2:11:04]} 5. Bg2 {[%clk 2:12:02]} d5 {[%clk 2:10:17]} 6. Ne5 {[%clk
2:09:15]} Be7 {[%clk 2:06:24]} 7. O-O {[%clk 2:04:16]} O-O {[%clk 2:06:38]} 8.
Nc3 {[%clk 2:04:08]} c6 {[%clk 2:00:33]} 9. b3 {[%clk 1:54:13]} Na6 {[%clk
1:58:31]} 10. Bb2 {[%clk 1:50:21]} Rc8 {[%clk 1:55:08]} 11. cxd5 {[%clk 1:45:24]}
exd5 {[%clk 1:55:06]} 12. e3 {[%clk 1:41:57]} Nc7 {[%clk 1:47:54]} 13. Ne2 {[%clk
1:39:26]} Ne6 {[%clk 1:47:46]} 14. Rc1 {[%clk 1:35:57]} h5 {[%clk 1:46:07]} 15.
Rc2 {[%clk 1:29:11]} Bd6 {[%clk 1:39:55]} 16. Nc1 {[%clk 1:25:10]} h4 {[%clk
1:39:55]} 17. Ncd3 {[%clk 1:22:17]} Ne4 {[%clk 1:36:06]} 18. Qg4 {[%clk 1:13:52]}
hxg3 {[%clk 1:31:34]} 19. hxg3 {[%clk 1:12:23]} Nf6 {[%clk 1:29:06]} 20. Qd1
{[%clk 1:09:26]} Rc7 {[%clk 1:23:08]} 21. Qc1 {[%clk 1:07:09]} Qa8 {[%clk
1:19:40]} 22. Qb1 {[%clk 1:01:38]} Re8 {[%clk 1:19:06]} 23. Rfc1 {[%clk 0:59:53]}
Ree7 {[%clk 1:18:18]} 24. Qa1 {[%clk 0:59:53]} Qe8 {[%clk 1:18:18]} 25. Qb1
{[%clk 0:50:36]} Ng5 {[%clk 1:15:37]} 26. Qa1 {[%clk 0:45:00]} Nfe4 {[%clk
1:15:26]} 27. Kf1 {[%clk 0:40:58]} f6 {[%clk 1:14:50]} 28. Nf3 {[%clk 0:41:15]}
Ba6 {[%clk 1:12:53]} 29. Ne1 {[%clk 0:36:17]} Nxg3+ {[%clk 1:06:47]} 30. Kg1
{[%clk 0:34:33]} Nf5 {[%clk 1:04:55]} 31. Rd2 {[%clk 0:31:36]} Ne4 {[%clk
1:04:39]} 32. Rdd1 {[%clk 0:30:33]} Nh4 {[%clk 1:04:14]} 33. Qb1 {[%clk 0:27:58]}
Nxg2 {[%clk 1:00:11]} 34. Nxg2 {[%clk 0:27:57]} Qh5 {[%clk 0:59:39]} 35. Ndf4
{[%clk 0:25:42]} Bxf4 {[%clk 0:58:03]} 36. Nxf4 {[%clk 0:24:43]} Qg4+ {[%clk
0:58:19]} 37. Ng2 {[%clk 0:24:54]} Be2 {[%clk 0:58:19]} 0-1

[Event "7th Arber Senior Cup"]
[Site "chess24.com"]
[Date "2019.07.30"]
[Round "4"]
[White "Redeker, Frank, Dr."]
[Black "Bock, Ortwin"]
[Result "0-1"]
[Board "28"]
[WhiteElo "1677"]
[WhiteTeam "SF Brand"]
[WhiteCountry "GER"]
[WhiteFideId "12986011"]
[WhiteEloChange "-4"]
[BlackElo "1938"]
[BlackTeam "SK Landshut"]
[BlackCountry "GER"]
[BlackFideId "24665240"]
[BlackEloChange "4"]

1. d4 {[%clk 2:10:30]} Nf6 {[%clk 2:10:30]} 2. Bf4 {[%clk 2:10:30]} e6 {[%clk
2:10:30]} 3. e3 {[%clk 2:10:30]} d5 {[%clk 2:10:30]} 4. Bd3 {[%clk 2:10:30]} Nbd7
{[%clk 2:10:30]} 5. Nd2 {[%clk 2:10:30]} c5 {[%clk 2:10:30]} 6. c3 {[%clk
2:10:30]} Be7 {[%clk 2:10:30]} 7. Ngf3 {[%clk 2:10:30]} O-O {[%clk 2:10:30]} 8.
Ne5 {[%clk 2:10:30]} Qb6 {[%clk 2:10:30]} 9. Qb1 {[%clk 2:10:30]} g6 {[%clk
2:10:30]} 10. Bh6 {[%clk 2:10:30]} Re8 {[%clk 2:10:30]} 11. h4 {[%clk 2:10:30]}
Nxe5 {[%clk 2:10:30]} 12. dxe5 {[%clk 2:10:30]} Ng4 {[%clk 2:10:30]} 13. Bf4
{[%clk 2:10:30]} Kg7 {[%clk 2:10:30]} 14. f3 {[%clk 2:10:30]} c4 {[%clk 2:10:30]}
15. Bxg6 {[%clk 2:10:30]} Nxe3 {[%clk 2:10:30]} 16. Bg5 {[%clk 2:10:30]} Bxg5
{[%clk 2:10:30]} 17. hxg5 {[%clk 2:10:30]} fxg6 {[%clk 2:10:30]} 18. Ke2 {[%clk
2:10:30]} Nxg2 {[%clk 2:10:30]} 19. Rxh7+ {[%clk 2:10:30]} Kxh7 {[%clk 2:10:30]}
20. Qh1+ {[%clk 2:10:30]} Kg8 {[%clk 2:10:30]} 21. Qh6 {[%clk 2:10:30]} Qe3+
{[%clk 2:10:30]} 22. Kf1 {[%clk 2:10:30]} Nf4 {[%clk 2:10:30]} 23. Qh2 {[%clk
2:10:30]} Nd3 {[%clk 2:10:30]} 24. f4 {[%clk 2:10:30]} Rf8 {[%clk 2:10:30]} 0-1

[Event "7th Arber Senior Cup"]
[Site "chess24.com"]
[Date "2019.07.30"]
[Round "4"]
[White "Meul, Willi"]
[Black "Yon, Gregory"]
[Result "1/2-1/2"]
[Board "29"]
[WhiteElo "1904"]
[WhiteTeam "SV Huerth-Berrenrath"]
[WhiteCountry "GER"]
[WhiteFideId "24621978"]
[WhiteEloChange "-6"]
[BlackElo "1658"]
[BlackTeam "Bergische SF"]
[BlackCountry "GER"]
[BlackFideId "12933945"]
[BlackEloChange "6"]

1. d4 {[%clk 2:10:30]} f5 {[%clk 2:10:30]} 2. g3 {[%clk 2:10:30]} Nf6 {[%clk
2:10:30]} 3. Bg2 {[%clk 2:10:30]} g6 {[%clk 2:10:30]} 4. c4 {[%clk 2:10:30]} Bg7
{[%clk 2:10:30]} 5. Nc3 {[%clk 2:10:30]} O-O {[%clk 2:10:30]} 6. Nf3 {[%clk
2:10:30]} d6 {[%clk 2:10:30]} 7. O-O {[%clk 2:10:30]} Qe8 {[%clk 2:10:30]} 8. e3
{[%clk 2:10:30]} e5 {[%clk 2:10:30]} 9. dxe5 {[%clk 2:10:30]} dxe5 {[%clk
2:10:30]} 10. b3 {[%clk 2:10:30]} c6 {[%clk 2:10:30]} 11. Bb2 {[%clk 2:10:30]}
Na6 {[%clk 2:10:30]} 12. Qd6 {[%clk 2:10:30]} e4 {[%clk 2:10:30]} 13. Nd4 {[%clk
2:10:30]} Qd7 {[%clk 2:10:30]} 14. Qxd7 {[%clk 2:10:30]} Bxd7 {[%clk 2:10:30]}
15. Rfd1 {[%clk 2:10:30]} Rfe8 {[%clk 2:10:30]} 16. Rd2 {[%clk 2:10:30]} Nc5
{[%clk 2:10:30]} 17. Bf1 {[%clk 2:10:30]} a5 {[%clk 2:10:30]} 18. Rad1 {[%clk
2:10:30]} f4 {[%clk 2:10:30]} 19. gxf4 {[%clk 2:10:30]} Bg4 {[%clk 2:10:30]} 20.
Be2 {[%clk 2:10:30]} Bh3 {[%clk 2:10:30]} 21. Bf1 {[%clk 2:10:30]} Bg4 {[%clk
2:10:30]} 22. Be2 {[%clk 2:10:30]} Bh3 {[%clk 2:10:30]} 23. Bf1 {[%clk 2:10:30]}
1/2-1/2